Purdue Basketball: Top 10 All-Time Leaders - Statistics

General Stats
  • This quiz has been taken 98 times
    9 since last reset
  • The average score is 37 of 92
Answer Stats
Category # Player Amount % Correct
Points 10 Braden Smith 1,903
100%
Assists 1 Braden Smith 1,091
100%
Steals 3 Braden Smith 246
100%
Three Pointers Made T7 Braden Smith 238
100%
Games T1 Braden Smith 147
100%
Three Pointers Made 1 Fletcher Loyer 303
100%
Games T1 Fletcher Loyer 147
100%
Points 1 Zach Edey 2,516
100%
Rebounds 1 Zach Edey 1,321
100%
Blocks 4 Zach Edey 232
100%
Field Goal Percent 1 Zach Edey 62.1%
100%
Points Per Game 7 Zach Edey 18.2
100%
Games T10 Zach Edey 138
100%
Points Per Game 4 Glenn Robinson 27.5
78%
Field Goal Percent 5 Trey Kaufman-Renn 56.7%
78%
Games 3 Trey Kaufman-Renn 145
78%
Points 8 Carsen Edwards 1,920
56%
Three Pointers Made 2 Carsen Edwards 281
56%
Points Per Game 8 Carsen Edwards 17.8
56%
Blocks 9 Isaac Haas 124
56%
Field Goal Percent 3 Isaac Haas 58.9%
56%
Games T8 Isaac Haas 139
56%
Points 3 Joe Barry Carroll 2,175
56%
Rebounds 2 Joe Barry Carroll 1,148
56%
Blocks 1 Joe Barry Carroll 349
56%
Field Goal Percent 8 Joe Barry Carroll 54.6%
56%
Points Per Game 9 Joe Barry Carroll 17.7
56%
Rebounds T7 Robbie Hummel 862
56%
Three Pointers Made 10 Robbie Hummel 216
56%
Rebounds 5 Trevion Williams 905
56%
Rebounds 10 Vince Edwards 779
56%
Games T10 Vince Edwards 138
56%
Points 4 E'Twaun Moore 2,136
44%
Steals 6 E'Twaun Moore 164
44%
Three Pointers Made 4 E'Twaun Moore 243
44%
Games T6 E'Twaun Moore 140
44%
Points 9 JaJuan Johnson 1,919
44%
Rebounds 9 JaJuan Johnson 853
44%
Blocks 3 JaJuan Johnson 263
44%
Games T6 JaJuan Johnson 140
44%
Blocks 5 Matt Haarms 210
44%
Points 2 Rick Mount 2,323
44%
Points Per Game 1 Rick Mount 32.3
44%
Three Pointers Made T7 Ryan Cline 238
44%
Games T8 Ryan Cline 139
44%
Rebounds 4 A.J. Hammons 930
33%
Blocks 2 A.J. Hammons 343
33%
Field Goal Percent 10 A.J. Hammons 53.9%
33%
Steals 1 Chris Kramer 273
33%
Three Pointers Made 3 Dakota Mathias 250
33%
Games T4 Dakota Mathias 141
33%
Three Pointers Made 9 Sasha Stefanovic 226
33%
Assists 2 Bruce Parkinson 690
22%
Games T4 Caleb Furst 141
22%
Field Goal Percent 2 Carl Landry 60.2%
22%
Points Per Game 6 Carl Landry 18.4
22%
Points 5 Dave Schellhase 2,074
22%
Points Per Game 2 Dave Schellhase 28.8
22%
Assists 8 Lewis Jackson 456
22%
Points 7 Terry Dischinger 1,979
22%
Rebounds 3 Terry Dischinger 958
22%
Field Goal Percent 7 Terry Dischinger 55.3%
22%
Points Per Game 3 Terry Dischinger 28.3
22%
Assists T4 Tony Jones 481
22%
Rebounds T7 Brad Miller 862
11%
Steals 9 Brad Miller 145
11%
Blocks 8 Brad Miller 163
11%
Steals 2 Brian Cardinal 259
11%
Assists 3 Brian Walker 572
11%
Steals 10 Brian Walker 137
11%
Three Pointers Made 6 David Teague 239
11%
Steals 8 Drake Morris 149
11%
Assists T4 Everette Stephens 481
11%
Steals 7 Everette Stephens 152
11%
Steals 4 Jaraan Cornell 176
11%
Three Pointers Made 5 Jaraan Cornell 242
11%
Assists 7 Matt Waddell 460
11%
Assists 6 Porter Roberts 464
11%
Steals 5 Ricky Hall 172
11%
Assists 10 Steve Reid 416
11%
Points 6 Troy Lewis 2,038
11%
Rebounds 6 Walter Jordan 882
11%
Blocks 10 Brandon Brantley 114
0%
Assists 9 Eugene Parker 424
0%
Blocks 7 John Allison 165
0%
Points Per Game 5 John Garrett 19.8
0%
Games T10 Keaton Gran 138
0%
Points Per Game 10 Mel Garland 17.5
0%
Field Goal Percent 6 Melvin McCants 56.2%
0%
Blocks 6 Russell Cross 175
0%
Field Goal Percent 4 Russell Cross 57.8%
0%
Field Goal Percent 9 Todd Mitchell 54.1%
0%
No matching quizzes found
Score Distribution
Percent of People with Each Score
Percentile by Number Answered
Your Score History
You have not taken this quiz since the last reset